Quizzes
Events
Quiz Creation
Community
Videos
Private Events
Remove Ads
Sign In
Join for FREE
Feedback
Dark Mode
Quiz Categories
Sports
Geography
Music
Movies
Television
Just For Fun
Miscellaneous
History
Literature
Language
Science
Gaming
Entertainment
Religion
Holiday
For Kids
Quiz Lab
Recent
Popular Today
Quiz Kudos Today
Editor Picks
Curator Picks
Quizzes by...
Day
Popularity
Type
Ratings
Length
Year
Community
Subscriptions
Recent Discussions
Orange Saloon
Badges
Playlists
Quests
Create
Leaderboards
Showdown
Live 5
Trivia Bingo
Activity
Puzzle Library
Sporcle Events
Private Events
Virtual Trivia
Globe League
Become a Host
Pub Owners
SporcleCon
Opinionation
Our Games
Videos
Blog
Mobile Apps
Partnerships
Remove Ads and Go Orange
Feedback
Sports
Athletes
MLB
NBA
NHL
NFL
Soccer
Sports Teams
WWE
NCAA
Football
Premier League
Basketball
Baseball
Hockey
Golf
Tennis
Cricket
Rugby
Auto Racing
Olympics
World Cup
Sports
Athletes
MLB
NBA
NHL
NFL
Soccer
Sports Teams
WWE
NCAA
Football
Premier League
Basketball
Baseball
Hockey
Golf
Tennis
Cricket
Rugby
Auto Racing
Olympics
World Cup
Random Quiz
Search Sporcle
×
Curator Pick
Curator Pick
Sports
WWE
Type in answers that appear in a list
Type in answers that appear in a list
Classic
Best Score? Go Orange.
WWE Fourth of July Champions Stats
Can you name the wrestlers who held WWE titles on the Fourth of July?
By
dudemanbearpig
15m
225 Questions
5,057 Plays
5,057 Plays
5,057 Plays
Comments
Comments
Give Quiz Kudos
Give Quiz Kudos
-
- Ratings
hide this ad
More Info
Replay
Link that replays current quiz
Next Quiz
Link to next quiz in quiz playlist
You Got
0%
They Got
Avg Score
63%
Avg Friend Score
Upgrade to see
Score Distribution
Jump to the score distribution portion of the page
Score
0/225
Timer
15:00
0
Plays Today
Year
Champion
% Correct
2002
Hulk Hogan
96.3%
1991
Hulk Hogan
96.3%
1989
Hulk Hogan
96.3%
1987
Hulk Hogan
96.3%
1986
Hulk Hogan
96.3%
1985
Hulk Hogan
96.3%
1984
Hulk Hogan
96.3%
2011
John Cena
95.3%
2007
John Cena
95.3%
2005
John Cena
95.3%
2004
John Cena
95.3%
2013
John Cena
95.2%
2008
Triple H
94.1%
2003
Triple H
94.1%
1998
Triple H
94.1%
2014
John Cena
94.1%
2001
Steve Austin
92.9%
1999
Steve Austin
92.9%
1998
Steve Austin
92.9%
1997
Steve Austin
92.9%
1997
Shawn Michaels
92.9%
1996
Shawn Michaels
92.9%
1993
Shawn Michaels
92.9%
2015
John Cena
92.9%
2000
The Rock
92.7%
1998
The Rock
92.7%
2002
The Undertaker
92.5%
1997
The Undertaker
92.5%
2009
Edge
91.5%
2007
Edge
91.5%
2006
Edge
91.5%
2002
Edge
91.5%
2000
Edge
91.5%
2011
Randy Orton
91.1%
2009
Randy Orton
91.1%
2004
Randy Orton
91.1%
1994
Bret Hart
91.1%
1992
Bret Hart
91.1%
1987
Bret Hart
91.1%
1992
Randy Savage
90.4%
1988
Randy Savage
90.4%
1986
Randy Savage
90.4%
1997
Owen Hart
90%
1995
Owen Hart
90%
2003
Christian
88.6%
2000
Christian
88.6%
2012
Christian
88.3%
2015
Seth Rollins
88%
2009
CM Punk
87.5%
2008
CM Punk
87.5%
2012
CM Punk
87.5%
1999
Jeff Hardy
86.3%
2008
Matt Hardy
86.2%
2001
Matt Hardy
86.2%
1999
Matt Hardy
86.2%
2009
Chris Jericho
85.4%
2016
Dean Ambrose
84.9%
1990
The Ultimate Warrior
84.9%
2006
The Big Show
84%
2016
The Miz
83.9%
1995
Diesel
83.4%
1994
Diesel
83.4%
2004
Chris Benoit
83%
1998
Billy Gunn
82.8%
1996
Billy Gunn
82.8%
2005
Batista
82.5%
2000
Eddie Guerrero
82%
2003
Brock Lesnar
81.7%
1998
Road Dogg
81.7%
2010
Rey Mysterio
81.4%
2009
Rey Mysterio
81.4%
2006
Rey Mysterio
81.4%
2004
Rey Mysterio
81.4%
2003
Rey Mysterio
81.4%
2005
Trish Stratus
81.3%
Year
Champion
% Correct
2004
Trish Stratus
81.3%
2007
Chavo Guerrero, Jr.
81.2%
2010
The Miz
80.9%
2008
The Miz
80.9%
2004
JBL
79.8%
2002
Bradshaw
79.8%
2016
The New Day
79.5%
2016
The New Day
79.5%
2001
X-Pac
79.4%
1990
Demolition Smash
79.3%
1989
Demolition Smash
79.3%
1997
Davey Boy Smith
77.7%
1986
Davey Boy Smith
77.7%
2010
Sheamus
77.6%
2012
Sheamus
77.6%
2014
Sheamus
77.3%
1995
Yokozuna
77.3%
1993
Yokozuna
77.3%
2008
Ted DiBiase, Jr.
77%
2004
Bubba Ray Dudley
76.9%
2001
Bubba Ray Dudley
76.9%
1992
Ted DiBiase
76.8%
2004
D-Von Dudley
76.8%
2001
D-Von Dudley
76.8%
2013
Alberto Del Rio
76.7%
1990
Demolition Ax
76.7%
1989
Demolition Ax
76.7%
1988
Demolition Ax
76.7%
1988
The Honky Tonk Man
76.5%
1987
The Honky Tonk Man
76.5%
2013
Seth Rollins
76%
2013
Dean Ambrose
75.2%
1996
Bart Gunn
73.9%
2013
Roman Reigns
73.7%
2002
Rob Van Dam
73.7%
2013
AJ Lee
73.6%
2008
Cody Rhodes
72.8%
1986
The Dynamite Kid
72.1%
1983
Bob Backlund
71.7%
2008
John Morrison
70.8%
2007
Johnny Nitro
70.8%
2006
Johnny Nitro
70.8%
2005
Johnny Nitro
70.8%
2014
AJ Lee
70.7%
2006
Spirit Squad
70.3%
2006
Spirit Squad
70.3%
2002
Molly Holly
69.7%
1987
The Fabulous Moolah
68.8%
1984
The Fabulous Moolah
68.8%
1983
The Fabulous Moolah
68.8%
2015
Nikki Bella
68.8%
2010
Kofi Kingston
68.6%
2009
Kofi Kingston
68.6%
2008
Kofi Kingston
68.6%
2011
Dolph Ziggler
68.5%
2012
Kofi Kingston
68.3%
1988
Demolition Smash
66.5%
1987
Jim Neidhart
66.3%
2008
Mark Henry
65.8%
2014
Jimmy Uso
65.5%
2014
Jey Uso
65.4%
1991
Mr. Perfect
63.3%
1990
Mr. Perfect
63.3%
2000
Stephanie McMahon
63.2%
2009
Michelle McCool
60.8%
2003
Shelton Benjamin
60.7%
2010
Layla
60.3%
2008
Mickie James
60%
2006
Mickie James
60%
2012
Layla
59.9%
1992
Irwin R. Schyster
59.8%
1985
Mike Rotunda
59.8%
2001
Chyna
59.3%
1989
Rick Rude
57.2%
1995
Alundra Blayze
57.2%
Year
Champion
% Correct
1999
Jeff Jarrett
56.8%
1995
Jeff Jarrett
56.8%
2002
William Regal
56.7%
2016
Charlotte
55.9%
2010
David Hart Smith
55.5%
1994
Alundra Blayze
55.1%
1984
Tito Santana
55%
2006
Bobby Lashley
54.9%
2016
Rusev
54.8%
1985
Wendi Richter
54.4%
2003
Charlie Haas
54.4%
1994
Headshrinker Fatu
54.1%
2005
Joey Mercury
52.5%
2015
Ryback
50.8%
2005
Carlito
50.7%
2007
MVP
50.7%
2012
R-Truth
50.1%
2013
Curtis Axel
49.9%
2010
Tyson Kidd
49.9%
1985
Greg Valentine
49.5%
2009
Tommy Dreamer
49.3%
1996
Ahmed Johnson
48.9%
1999
Ivory
47.9%
2000
Val Venis
47.2%
2015
Darren Young
47.2%
2007
Umaga
47.2%
2011
Ezekiel Jackson
46.3%
1993
Scott Steiner
46.1%
1993
Rick Steiner
46%
2012
Santino Marella
45.9%
2006
Gregory Helms
45.6%
2005
The Hurricane
45.6%
2011
Michael McGillicutty
44.8%
2015
Titus O'Neil
43.8%
2011
Kelly Kelly
43.7%
1998
Taka Michinoku
43.6%
1999
Al Snow
43.4%
2000
Dean Malenko
43.3%
1983
Don Muraco
43.2%
2006
Brian Kendrick
42.3%
2006
Paul London
42.2%
2005
Paul London
42.2%
1985
Barry Windham
42.1%
2001
Albert
39.5%
1986
Velvet McIntyre
39.4%
2011
David Otunga
39.3%
2007
Trevor Murdoch
39.1%
1984
Dick Murdoch
38.8%
1994
Headshrinker Samu
38.7%
1991
Brian Knobbs
38.3%
2014
vacant
38.2%
1991
Jerry Sags
37.9%
2007
Lance Cade
36.8%
2002
Jamie Noble
35.3%
1999
Gillberg
35.1%
2003
Rene Dupree
34.7%
1989
Rockin' Robin
34.2%
2005
Rosey
33.9%
2009
Maryse
33%
1999
Mideon
32.7%
2004
Sylvain Grenier
32.6%
2003
Sylvain Grenier
32.6%
1988
Sensational Sherri
31.8%
2004
Robert Conway
31.3%
2007
Candice Michelle
31%
2010
Alicia Fox
30.9%
2005
Orlando Jordan
30.5%
2000
Steve Blackman
30.4%
1983
Afa the Wild Samoan
29.6%
1983
Sika the Wild Samoan
29.5%
2003
Gail Kim
28.5%
2007
Domino
25.6%
2007
Deuce
25.5%
1984
Adrian Adonis
18.9%
2001
Mike Awesome
15.4%
Quiz Playlist
Details
Report
Send in Message
Add To Playlist
More Info:
If a title change took place on July 4, then name the person who won the title. Only includes main roster championships.
Classic:
Type in answers that appear in a list
Last Updated: Oct 3, 2019
Curator Pick in
WWE
Quiz Scoreboard
CHALLENGE
Sign Up to Join the Scoreboard
Show All
Scores
Hide
Comments
May contain spoilers
Recently Published
9x9 Crossword: Cartoon Network
by jackfrog10
Miscellaneous
3m
College Basketball Coaching Resumes
by pancakes188
Sports
9m
Billboard Blitz: Fleetwood Mac
by CooCooCachoo
Music
15s
More to Explore
Quiz From the Vault
Featured Blog Post
Where Did the Easter Bunny Come From?
hide this ad
You Might Also Like...
Tags
WWE Quiz
champion
fourth
July
Wrestlers
Today's Top Quizzes in Sports
Browse Sports
hide this ad
Today's Top Quizzes in WWE
Browse WWE
Top Contributed Quizzes in Sports
1
2022 World Cup Stars
2
Les meilleurs buteurs des matchs entre le PSG et l’OM
3
FIFA Club World Cup Champions
4
Les entraîneurs de l'OM et du PSG au 21e siècle
5
Criteria MLB: Left Handed Sluggers
6
AFC Teams Reveal (Wrong Answers Minefield)
7
2023 MLB Unique Player Accomplishments
8
Players with Multiple 50 Home Run Seasons
9
5-to-1: FBS Animal Nicknames
10
5-to-1: UK Sports Teams
Explore More
Trending Topics
NBA
Kpop
Harry Potter
Marvel
Disney
Anime
Crossword
WWE
Puzzle
Pokémon
Song
The Office
Country
NFL
Soccer
hide this ad
More By:
dudemanbearpig
Quiz
Plays
Rating
Category
Featured
Created
WWE Royal Rumble Final Four
309,063
4.45
Sports
Dec 1, 2009
Top 50 Females in Harry Potter
137,454
4.67
Literature
May 10, 2012
Top 25 Non-Humans in Harry Potter
68,936
4.83
Literature
Apr 30, 2012
WrestleMania: 5+ in a Row
63,509
4.54
Sports
Apr 3, 2012
Black WWE PPV Competitors
14,899
4.34
Sports
Nov 6, 2011
Go to Creator's Profile
Score Distribution
Quiz Creator Spotlight
dudemanbearpig
Follow
Send a Message
Quizzes Created
-
Created Quiz Play Count
-
More By This Creator
Popular Quizzes Today
1
Find the US States - No Outlines Minefield
2
Find the Countries of Europe - No Outlines Minefield
3
The Countries of the World
4
Find the US States
5
Risky Map Clicking: Biggest States A-Z
6
US States
7
Popular People in 1961
8
Movies - When Are They Set?
More Sports Quizzes
Where Did They Go: Arsenal
Quiz Lab
Trending Quizzes
Risky Map Clicking: Least Populous States A-Z
1-10 Letter G Words
1-10 Letter F Words
Risky Map Clicking: Next State Alphabetically
Adjectives in 80s TV Shows
Recently Updated
Leaping Animals
pecheneg
Reality TV Shows (A-Z)
bhenderson79
Rickey Henderson's Hall of Fame Teammates
pecheneg
Champions League XIs: Arsenal
pecheneg
Quick Pick: Celebrities in WWE's Hall of Fame
aduchscher
A-Z Keypad Blitz II
pecheneg
Multiple Oscar Actors
pecheneg
Mystery Phrase Blitz: Oscar 'Best Actors'
pecheneg
F. Scott Fitzgerald Novels
LTH
Pick 3 Villains
ddd62291
Trending Topics
Harry Potter
Disney
Anime
Crossword
NBA
Marvel
Kpop
Puzzle
WWE
NFL
Song
The Office
Country
Soccer
Pokémon
Your Account Isn't Verified!
In order to create a playlist on Sporcle, you need to verify the email address you used during registration. Go to your
Sporcle Settings
to finish the process.
Report this User
Report this user for behavior that violates our
Community Guidelines
.
Details:
Send Report
Go to the Sporcle.com Mobile Site →
Comments